header

Sociology in our times / (Record no. 255650)

MARC details
000 -LEADER
fixed length control field 01156cam a2200289 a 4500
001 - CONTROL NUMBER
control field 14070587
003 - CONTROL NUMBER IDENTIFIER
control field OSt
005 - DATE AND TIME OF LATEST TRANSACTION
control field 20170223163439.0
008 - FIXED-LENGTH DATA ELEMENTS--GENERAL INFORMATION
fixed length control field 050810s2007 cauab b 001 0 eng
010 ## - LIBRARY OF CONGRESS CONTROL NUMBER
LC control number 2005932099
020 ## - INTERNATIONAL STANDARD BOOK NUMBER
International Standard Book Number 0495006858
040 ## - CATALOGING SOURCE
Original cataloging agency DLC
Transcribing agency DLC
Modifying agency DLC
050 00 - LIBRARY OF CONGRESS CALL NUMBER
Classification number HM447
Item number .K46 2007
100 1# - MAIN ENTRY--PERSONAL NAME
Personal name Kendall, Diana Elizabeth.
245 10 - TITLE STATEMENT
Title Sociology in our times /
Statement of responsibility, etc Diana Kendall.
250 ## - EDITION STATEMENT
Edition statement 6th ed.
260 ## - PUBLICATION, DISTRIBUTION, ETC. (IMPRINT)
Place of publication, distribution, etc Belmont, CA :
Name of publisher, distributor, etc Thomson/Wadsworth,
Date of publication, distribution, etc c2007
300 ## - PHYSICAL DESCRIPTION
Extent xxv, 742 p. :
Other physical details ill. (chiefly col.), col. maps ;
Dimensions 29 cm.
504 ## - BIBLIOGRAPHY, ETC. NOTE
Bibliography, etc Includes bibliographical references (p. 689-719) and indexes.
650 #0 - SUBJECT ADDED ENTRY--TOPICAL TERM
Topical term or geographic name as entry element Sociology.
856 42 - ELECTRONIC LOCATION AND ACCESS
Materials specified Contributor biographical information
Uniform Resource Identifier <a href="http://www.loc.gov/catdir/enhancements/fy1302/2005932099-b.html">http://www.loc.gov/catdir/enhancements/fy1302/2005932099-b.html</a>
Materials specified Publisher description
Uniform Resource Identifier <a href="http://www.loc.gov/catdir/enhancements/fy1302/2005932099-d.html">http://www.loc.gov/catdir/enhancements/fy1302/2005932099-d.html</a>
Materials specified Table of contents only
Uniform Resource Identifier <a href="http://www.loc.gov/catdir/enhancements/fy1302/2005932099-t.html">http://www.loc.gov/catdir/enhancements/fy1302/2005932099-t.html</a>
906 ## - LOCAL DATA ELEMENT F, LDF (RLIN)
a 7
b cbc
c origcop
d 3
e epcn
f 20
g y-gencatlg
942 ## - ADDED ENTRY ELEMENTS (KOHA)
Source of classification or shelving scheme Library of Congress Classification
Koha item type Long Loan Books
Holdings
Withdrawn status Lost status Source of classification or shelving scheme Damaged status Not for loan Home library Current library Date acquired Total Checkouts Full call number Barcode Date last seen Price effective from Koha item type
    Library of Congress Classification     Rongo University Library Rongo University Library 23/02/2017   HM447 .K46 2007 20161638 23/02/2017 23/02/2017 Long Loan Books

© 2026 Rongo University
Contact us: librarian | system librarian | Rongo university